000 00387cam a22001097a 4500
008 180718b1969 xxu||||| |||| 00| 0 eng d
082 _aR06x54 In2 cwg la
245 _aReport of the central working group on labour adminstration
_cby National Commission On Labour
260 _aDelhi
_bNational Commission On Labour
_c1969
300 _a131p.
700 _aIndia. National Commission On Labour
999 _c496029
_d496029